Statistiques concernant La Cigale et la Fourmi (JDLF) mots

Cliquez ici pour prendre le quiz!

Statistiques générales

  • Ce quiz a été pris 64 fois
  • Le résultat moyen est 55 sur 97

Statistiques - réponses

Mots :% Correct
À
97%
Cigale
97%
La
97%
La
97%
La
97%
La
97%
La
97%
La
97%
La
97%
Fourmi
93%
Fourmi
93%
Tout
93%
Tout
93%
Ayant
91%
Chanté
91%
L'été
91%
Se
90%
De
86%
De
86%
De
86%
Fort
83%
Fort
83%
Fut
81%
Venue
81%
Quand
79%
Trouva
79%
Sa
78%
Bise
76%
Dépourvue
76%
Elle
71%
Elle
71%
Pour
71%
Et
69%
Et
69%
Voisine
69%
Alla
66%
Je
62%
Je
62%
Chez
60%
Pas
57%
Pas
57%
Vous
57%
Vous
57%
Vous
57%
Vous
57%
Maintenant
55%
Un
55%
Dansez
53%
Son
52%
Ne
50%
Bien
48%
Crier
48%
Famine
48%
Que
48%
Ou
47%
Petit
47%
Au
43%
Morceau
43%
Aise
41%
Chantiez
41%
Moindre
41%
Seul
41%
Suis
41%
Défaut
40%
J'en
40%
N'est
40%
Prêteuse
40%
Dit
38%
Grain
38%
Lui
38%
Lui
38%
Subsister
38%
Foi
36%
Prêter
36%
Vermisseau
36%
Faisiez
34%
Priant
34%
Saison
34%
D'animal
33%
Eh
33%
Mouche
33%
Chantais
31%
Déplaise
31%
Intérêt
31%
Quelque
31%
Chaud
29%
Jusqu'à
29%
Temps
29%
L'août
28%
Paierai
28%
Avant
26%
Principal
24%
Nouvelle
22%
Jour
16%
Nuit
16%
Venant
14%
C'esr
0%

Distribution des résultats

Percentile par nombre de réponses

% des personnes avec chaque résultat

Votre développement - résultats

Vous n’avez pas pris ce quiz